• 首页
  • 本馆介绍
  • 公告通知
  • 最新文献
  • 馆藏检索
  • 电子资源
  • 读者导购
  • 参考咨询
  • 我的图书馆
  • 登录
  • 详细信息显示
  • 放入我的书架
  • 预约/预借图书
  • 作者相关作品
  • 分类相关作品
  • 丛书相关作品
  • 出版社相关作品

书目信息

  • 表格格式
  • 工作单格式
  • 卡片格式
题名:
掌控大趋势 : 如何正确认识、掌控这个变化的世界
    
 
作者: 约翰·奈斯比特 , 多丽丝·奈斯比特 特著
分册:  
出版信息: 北京   中信出版社  2017.10
页数:
开本: 21cm
丛书名:
单 册:
中图分类: D569
科图分类:
主题词: 社会发展--研究--世界
电子资源:
ISBN: 978-7-5086-8186-3
000 01733nam0 2200241 450
001 012001003165
005 20140926114739.0
010    @a978-7-5086-8186-3@b精装@dCNY59.00
100    @a20170912d2017 em y0chiy0110 ea
101 0  @achi
102    @aCN@b110000
105    @ay z 000yy
106    @ar
200 1  @a掌控大趋势 : 如何正确认识、掌控这个变化的世界@9zhang kong da qu shi : ru he zheng que ren shi 、 zhang kong zhe ge bian hua de shi jie@f(美)约翰·奈斯比特,(奥)多丽丝·奈斯比特著
210    @a北京@c中信出版社@d2017.10
215    @d21cm
330    @a继《大趋势》后,未来学家约翰·奈斯比特再次推出预测世界大变革的作品《掌控大趋势》,结合当前国际环境和发展趋势的实际情况,重新定义全球大变革所需要的“十种定见”以及运用这些定见可以参与到全球大变革的哪些方面。奈斯比特首先剖析了这“十种定见”,包括:不要得意忘形地炒作改变;关注当下所传递的有关未来的讯息;权力并不代表正确性;当变革带来的好处显而易见时阻力变革的声音也会随之消失;不要在既定规则中增加信息,除非你有能力缩减规则等。奈斯比特认为只有拥有了这“十种定见”才有资格参与改变世界的行动中去。奈斯比特认为如果要成功运用这“十种定见”看清全球发展新趋势,就要了解世界正在经历着哪些改变,这些改变包括:从产业社会到信息社会;从被动技术改变到高新技术创新;从西方中心世界到多元中心世界;从北方经济到南环经济;从国家经济到经济域;从传统贸易路径到新丝绸之路;从制度化教育体系到分散型教育方式。只有意识到全球正在从以上几个方面进行变革,才能有效地利用未来学预测出全球的经济、地缘政治、文化等领域的发展方向。
606 0  @a社会发展@x研究@x世界
690    @aD569@v5
701  0 @c(美)@a约翰·奈斯比特@9yue han · nai si bi te@4特著
701  0 @c(奥)@a多丽丝·奈斯比特@9duo li si · nai si bi te@4著
801  0 @aCN@b上海新华@c20180901
905    @b1154058-62@dD569@e251@f5
    
    掌控大趋势 : 如何正确认识、掌控这个变化的世界/(美)约翰·奈斯比特,(奥)多丽丝·奈斯比特著.-北京:中信出版社,2017.10
    21cm
    
    
    ISBN 978-7-5086-8186-3(精装):CNY59.00
    继《大趋势》后,未来学家约翰·奈斯比特再次推出预测世界大变革的作品《掌控大趋势》,结合当前国际环境和发展趋势的实际情况,重新定义全球大变革所需要的“十种定见”以及运用这些定见可以参与到全球大变革的哪些方面。奈斯比特首先剖析了这“十种定见”,包括:不要得意忘形地炒作改变;关注当下所传递的有关未来的讯息;权力并不代表正确性;当变革带来的好处显而易见时阻力变革的声音也会随之消失;不要在既定规则中增加信息,除非你有能力缩减规则等。奈斯比特认为只有拥有了这“十种定见”才有资格参与改变世界的行动中去。奈斯比特认为如果要成功运用这“十种定见”看清全球发展新趋势,就要了解世界正在经历着哪些改变,这些改变包括:从产业社会到信息社会;从被动技术改变到高新技术创新;从西方中心世界到多元中心世界;从北方经济到南环经济;从国家经济到经济域;从传统贸易路径到新丝绸之路;从制度化教育体系到分散型教育方式。只有意识到全球正在从以上几个方面进行变革,才能有效地利用未来学预测出全球的经济、地缘政治、文化等领域的发展方向。
●
相关链接 在E读中查询图书 在五车中查询图书 在当当中查询图书 在豆瓣中查询图书


正题名:掌控大趋势 : 如何正确认识、掌控这个变化的世界     索取号:D569/251         预约/预借

序号 登录号 条形码 馆藏地/架位号 状态 备注
1 1154058   211540581   第一样本阅览室/ [索取号:D569/251] 在馆    
2 1154059   211540590   中国特色社会主义理论体系唐师研究基地/ [索取号:D569/251] 在馆    
3 1154060   211540607   第一借阅区/ [索取号:D569/251] 在馆    
4 1154061   211540616   史法系资料室/ [索取号:D569/251] 在馆    
5 1154062   211540625   第一借阅区/ [索取号:D569/251] 在馆    
唐山师范学院图书馆 欢迎您!
大连网信软件有限公司© 版权所有